[Event "32. Open Villa de Benasque 2012"]
[Site "Benasque ESP"]
[Date "2012.07.08"]
[Round "4.3"]
[White "Jones, Gawain C B"]
[Black "Naumkin, Igor"]
[Result "1-0"]
[WhiteElo "2655"]
[BlackElo "2463"]
[PlyCount "61"]
[EventDate "2012.07.05"]
[EventType "swiss"]
[EventRounds "10"]
[EventCountry "ESP"]
[Source "lmi"]
[SourceDate "2012.07.05"]

1. d4 Nf6 2. c4 e6 3. Nc3 Bb4 4. e3 c5 5. Nge2 d5 6. a3 Bxc3+ 7. Nxc3 cxd4 8.
exd4 dxc4 9. Bxc4 Nc6 10. Be3 O-O 11. O-O h6 12. Re1 Ne7 13. Qf3 Nf5 14. d5 Qc7
15. Ba2 exd5 16. Nxd5 Nxd5 17. Rac1 Qe5 18. Bc5 Qxb2 19. Bxd5 Rd8 20. Bb4 Qf6
21. Rc7 Be6 22. Bxb7 Rab8 23. Be4 Rb5 24. Rxa7 Qd4 25. Ra5 Nh4 26. Qc3 Qb6 27.
Bc6 Bd5 28. Rxb5 Qxc6 29. Qxc6 Bxc6 30. Rc5 Bxg2 31. Rc4 1-0

[Event "32. Open Villa de Benasque 2012"]
[Site "Benasque ESP"]
[Date "2012.07.08"]
[Round "4.4"]
[White "Gomez Esteban, Juan Mario"]
[Black "Hracek, Zbynek"]
[Result "1/2-1/2"]
[WhiteElo "2462"]
[BlackElo "2624"]
[PlyCount "44"]
[EventDate "2012.07.05"]
[EventType "swiss"]
[EventRounds "10"]
[EventCountry "ESP"]
[Source "lmi"]
[SourceDate "2012.07.05"]

1. Nf3 c5 2. c4 Nc6 3. d4 cxd4 4. Nxd4 Nf6 5. Nc3 e6 6. g3 Qb6 7. Ndb5 Ne5 8.
Bg2 a6 9. Qa4 Rb8 10. Na3 Bxa3 11. Qxa3 Nxc4 12. Qa4 Qc5 13. Qc2 b5 14. b3 Na3
15. Qd2 Bb7 16. Bxb7 Rxb7 17. O-O O-O 18. Bb2 d5 19. Rac1 Qe7 20. Qd4 Rd8 21.
Rfd1 h6 22. Ne4 e5 1/2-1/2

[Event "32. Open Villa de Benasque 2012"]
[Site "Benasque ESP"]
[Date "2012.07.08"]
[Round "4.5"]
[White "Burmakin, Vladimir"]
[Black "Komljenovic, Davorin"]
[Result "1-0"]
[WhiteElo "2590"]
[BlackElo "2450"]
[PlyCount "87"]
[EventDate "2012.07.05"]
[EventType "swiss"]
[EventRounds "10"]
[EventCountry "ESP"]
[Source "lmi"]
[SourceDate "2012.07.05"]

1. d4 g6 2. Nf3 Bg7 3. c3 Nf6 4. Bf4 d6 5. h3 O-O 6. e3 c5 7. Be2 Qb6 8. Qb3
Be6 9. Qa3 Nc6 10. O-O cxd4 11. exd4 Rfc8 12. Nbd2 Nd5 13. Bg3 Qa5 14. Qxa5
Nxa5 15. Ng5 Bd7 16. Bf3 Nb6 17. Nb3 Nc6 18. Bg4 Bxg4 19. hxg4 Nc4 20. Rfb1 b5
21. Nf3 b4 22. Nbd2 Nxb2 23. cxb4 Na4 24. Rb3 Nxd4 25. Nxd4 Bxd4 26. Re1 Bc3
27. Re2 d5 28. Nf3 e6 29. Be5 Bxe5 30. Nxe5 g5 31. b5 Kg7 32. Ra3 Nc3 33. Rb2
f6 34. Nd3 e5 35. Ra6 d4 36. f3 Nd5 37. a4 Rc3 38. Nf2 Nc7 39. Rd6 Rf8 40. Ne4
Rc1+ 41. Kh2 Ra1 42. Rc2 Rf7 43. Nxf6 Nxb5 44. Nh5+ 1-0

[Event "32. Open Villa de Benasque 2012"]
[Site "Benasque ESP"]
[Date "2012.07.08"]
[Round "4.6"]
[White "Baron, Tal"]
[Black "Nabaty, Tamir"]
[Result "0-1"]
[WhiteElo "2452"]
[BlackElo "2582"]
[PlyCount "118"]
[EventDate "2012.07.05"]
[EventType "swiss"]
[EventRounds "10"]
[EventCountry "ESP"]
[Source "lmi"]
[SourceDate "2012.07.05"]

1. d4 Nf6 2. c4 b6 3. Nc3 Bb7 4. f3 d5 5. cxd5 Nxd5 6. Nxd5 Qxd5 7. e4 Qd7 8.
Be3 e6 9. Bc4 Nc6 10. Ne2 Na5 11. Bd3 c5 12. Qd2 c4 13. Bc2 Be7 14. O-O O-O 15.
Rfd1 Rfd8 16. Rac1 Rac8 17. Qe1 Qb5 18. Rb1 Nc6 19. a3 Qh5 20. Nf4 Qa5 21. Qg3
e5 22. Nh5 Bf8 23. d5 Nd4 24. Rxd4 exd4 25. Bxd4 Rd6 26. Nf6+ Kh8 27. e5 Qd2
28. Qf2 Qxf2+ 29. Bxf2 Rdd8 30. Nxh7 Rxd5 31. Be4 Be7 32. h4 c3 33. bxc3 Rxc3
34. Ng5 Rd7 35. Nxf7+ Kg8 36. Bf5 Rdc7 37. Nd6 Rc1+ 38. Rxc1 Rxc1+ 39. Kh2 Bd5
40. Nc8 Bxa3 41. Nxa7 Bc5 42. Bg3 Bg1+ 43. Kh3 g6 44. Bg4 Be3 45. Bh2 Kf7 46.
Nb5 Be6 47. Nd6+ Ke7 48. h5 gxh5 49. Bxe6 Kxe6 50. f4 Rh1 51. f5+ Ke7 52. g3
Bc5 53. Ne4 Bg1 54. f6+ Kf8 55. Kg2 Rxh2+ 56. Kxg1 Re2 57. Nd6 Rxe5 58. Nc4 Re6
59. Kg2 Rxf6 0-1

[Event "32. Open Villa de Benasque 2012"]
[Site "Benasque ESP"]
[Date "2012.07.08"]
[Round "4.7"]
[White "Garza Marco, Sergio"]
[Black "Shanava, Konstantine"]
[Result "1-0"]
[WhiteElo "2410"]
[BlackElo "2578"]
[PlyCount "71"]
[EventDate "2012.07.05"]
[EventType "swiss"]
[EventRounds "10"]
[EventCountry "ESP"]
[Source "lmi"]
[SourceDate "2012.07.05"]

1. d4 g6 2. c4 Bg7 3. Nc3 c5 4. d5 d6 5. e4 e6 6. Nf3 Ne7 7. h4 exd5 8. cxd5 a6
9. h5 Nd7 10. Bf4 gxh5 11. Qd2 Qb6 12. O-O-O Ng6 13. Bh6 Bf6 14. Rxh5 Qb4 15.
Bg5 Bg7 16. Bh6 Bf6 17. Bg5 Bg7 18. Bh6 Bf6 19. Re1 Nde5 20. Nxe5 Bxe5 21. f4
Bd4 22. e5 dxe5 23. f5 Ne7 24. Bg7 Rg8 25. Bxe5 f6 26. a3 Qb6 27. Na4 Qb3 28.
Bxd4 cxd4 29. Rxh7 Qxa4 30. Rexe7+ Kd8 31. Qf4 Bd7 32. Rxd7+ Qxd7 33. Rxd7+
Kxd7 34. Qxd4 Rae8 35. Qxf6 Re1+ 36. Kd2 1-0

[Event "32. Open Villa de Benasque 2012"]
[Site "Benasque ESP"]
[Date "2012.07.08"]
[Round "4.8"]
[White "Margvelashvili, Giorgi"]
[Black "Roeder, Matthias"]
[Result "1-0"]
[WhiteElo "2552"]
[BlackElo "2434"]
[PlyCount "37"]
[EventDate "2012.07.05"]
[EventType "swiss"]
[EventRounds "10"]
[EventCountry "ESP"]
[Source "lmi"]
[SourceDate "2012.07.05"]

1. g3 d5 2. Bg2 c6 3. c4 Nf6 4. Nf3 dxc4 5. O-O Nbd7 6. Qc2 Nb6 7. Na3 Qd5 8.
b3 cxb3 9. axb3 Be6 10. Nc4 Nxc4 11. bxc4 Qxc4 12. Qb1 Qb3 13. Bb2 Bd5 14. Nd4
Qb6 15. e4 Bc4 16. Rc1 Ba6 17. e5 Nd5 18. e6 f6 19. Bxd5 1-0

[Event "32. Open Villa de Benasque 2012"]
[Site "Benasque ESP"]
[Date "2012.07.08"]
[Round "4.9"]
[White "Cori T, Deysi"]
[Black "Marin, Mihail"]
[Result "0-1"]
[WhiteElo "2386"]
[BlackElo "2548"]
[PlyCount "88"]
[EventDate "2012.07.05"]
[EventType "swiss"]
[EventRounds "10"]
[EventCountry "ESP"]
[Source "lmi"]
[SourceDate "2012.07.05"]

1. d4 e6 2. Nf3 c5 3. e3 Nf6 4. Bd3 b6 5. O-O Bb7 6. c4 Be7 7. Nc3 cxd4 8. exd4
d5 9. cxd5 Nxd5 10. Ne5 O-O 11. Qh5 g6 12. Qh3 Nc6 13. Ba6 Qc7 14. Nxd5 exd5
15. Bf4 Bxa6 16. Rfc1 Bc4 17. Nxg6 Qc8 18. Nxe7+ Nxe7 19. Qg3+ Ng6 20. b3 Qf5
21. Bh6 Bd3 22. Rc3 Bb1 23. Bxf8 Rxf8 24. h4 h5 25. Re3 Rc8 26. Re1 Be4 27. f3
Bd3 28. Re5 Qf4 29. Qxf4 Nxf4 30. g3 Ne2+ 31. Kf2 Rc2 32. Ke3 Bg6 33. g4 hxg4
34. fxg4 Nc3 35. h5 f6 36. hxg6 fxe5 37. dxe5 Nb5 38. Rf1 d4+ 39. Kf4 Re2 40.
a4 Nc3 41. Rf3 Kg7 42. Kg5 Rxe5+ 43. Kf4 Re3 44. Rf1 Nd5+ 0-1

[Event "32. Open Villa de Benasque 2012"]
[Site "Benasque ESP"]
[Date "2012.07.08"]
[Round "4.10"]
[White "Zoler, Dan"]
[Black "Pardo Simon, David"]
[Result "1-0"]
[WhiteElo "2527"]
[BlackElo "2421"]
[PlyCount "127"]
[EventDate "2012.07.05"]
[EventType "swiss"]
[EventRounds "10"]
[EventCountry "ESP"]
[Source "lmi"]
[SourceDate "2012.07.05"]

1. d4 Nf6 2. c4 e6 3. Nf3 c5 4. d5 b5 5. Bg5 exd5 6. cxd5 h6 7. Bxf6 Qxf6 8.
Qc2 Be7 9. e4 Qb6 10. a4 bxa4 11. Rxa4 Na6 12. Bc4 Nb4 13. Qe2 O-O 14. O-O d6
15. h3 Bf6 16. Nc3 Bd7 17. Ra3 Rfe8 18. Re1 Bf5 19. Qd1 Bg6 20. Na4 Qd8 21.
Rae3 Rb8 22. Nc3 Bh5 23. g4 Bg6 24. R3e2 h5 25. Kg2 a6 26. Qd2 hxg4 27. hxg4
Rc8 28. Qf4 Be5 29. Nxe5 dxe5 30. Qh2 Qd6 31. Rh1 f6 32. Qg1 Kf7 33. Qa1 Rh8
34. Rxh8 Rxh8 35. Qa5 Rb8 36. f3 Ke7 37. Na4 Rc8 38. b3 Be8 39. Nc3 Rb8 40. Kf1
Bd7 41. Rh2 Ra8 42. Ke1 Kf7 43. Nd1 g6 44. Ne3 Kg7 45. Be2 Rc8 46. Nc4 Qc7 47.
Qxc7 Rxc7 48. g5 Nc2+ 49. Kd2 Nd4 50. gxf6+ Kxf6 51. Rh7 Nxb3+ 52. Ke3 Rb7 53.
Nd6 Ra7 54. Rf7+ Kg5 55. Nc4 Nd4 56. Nxe5 Nxe2 57. Rxd7 Rxd7 58. Nxd7 Nc3 59.
Nxc5 a5 60. d6 Kf6 61. e5+ Kf7 62. e6+ Ke8 63. d7+ Ke7 64. Nb7 1-0

[Event "32. Open Villa de Benasque 2012"]
[Site "Benasque ESP"]
[Date "2012.07.09"]
[Round "5.1"]
[White "Anton Guijarro, David"]
[Black "Harikrishna, P."]
[Result "1/2-1/2"]
[WhiteElo "2490"]
[BlackElo "2684"]
[PlyCount "139"]
[EventDate "2012.07.05"]
[EventType "swiss"]
[EventRounds "10"]
[EventCountry "ESP"]
[Source "lmi"]
[SourceDate "2012.07.05"]

1. d4 Nf6 2. Nf3 d5 3. c4 e6 4. Nc3 Be7 5. Bg5 h6 6. Bxf6 Bxf6 7. e3 c6 8. Be2
Nd7 9. O-O O-O 10. Re1 b6 11. cxd5 cxd5 12. Qb3 Bb7 13. Bb5 Be7 14. Rec1 Nf6
15. Rc2 Qd6 16. Rac1 Rfc8 17. Bd3 Qb4 18. Qxb4 Bxb4 19. a3 Bxc3 20. Rxc3 Rxc3
21. Rxc3 Rc8 22. Rxc8+ Bxc8 23. Ne5 Bd7 24. b3 Kf8 25. h4 Be8 26. f3 Ng8 27.
Be2 Ne7 28. Kf2 Nf5 29. g3 Ke7 30. Nd3 Kd6 31. Nc1 f6 32. Bd3 Ne7 33. Ne2 a5
34. Nc3 e5 35. Ke2 Bd7 36. Kd2 exd4 37. exd4 g5 38. hxg5 fxg5 39. g4 Be8 40.
Ne2 h5 41. gxh5 Bxh5 42. Ke3 Ke6 43. Ng3 Bg6 44. Bxg6 Nxg6 45. Ne2 Ne7 46. Nc3
Nf5+ 47. Kd3 Kd6 48. b4 Ne7 49. Na4 axb4 50. axb4 Nc8 51. b5 Ke7 52. Nc3 Ke6
53. Na4 Kf5 54. Ke3 Kf6 55. Kd2 Ke6 56. Kd3 Nd6 57. Nxb6 Nxb5 58. Na4 Na7 59.
Nc3 Nc6 60. Ne2 Ne7 61. Ke3 Ng6 62. Kf2 Kf6 63. Ke3 Ne7 64. Kd3 Kf5 65. Ke3 Kg6
66. Ng3 Nf5+ 67. Nxf5 Kxf5 68. Ke2 Kf4 69. Kf2 g4 70. fxg4 1/2-1/2

[Event "32. Open Villa de Benasque 2012"]
[Site "Benasque ESP"]
[Date "2012.07.09"]
[Round "5.3"]
[White "Cori, Jorge"]
[Black "Burmakin, Vladimir"]
[Result "1/2-1/2"]
[WhiteElo "2479"]
[BlackElo "2590"]
[PlyCount "93"]
[EventDate "2012.07.05"]
[EventType "swiss"]
[EventRounds "10"]
[EventCountry "ESP"]
[Source "lmi"]
[SourceDate "2012.07.05"]

1. d4 d5 2. c4 c6 3. Nf3 Nf6 4. e3 a6 5. Bd3 g6 6. b3 Bg7 7. Bb2 O-O 8. Qc2 Bg4
9. Nbd2 e6 10. O-O Bf5 11. e4 dxe4 12. Nxe4 Nxe4 13. Bxe4 Bxe4 14. Qxe4 Nd7 15.
Rad1 Qa5 16. Qc2 Rac8 17. Rfe1 Rfd8 18. Bc1 b5 19. Bd2 Qb6 20. Be3 Qa5 21. h3
bxc4 22. bxc4 c5 23. d5 exd5 24. Rxd5 Ne5 25. Red1 Nxf3+ 26. gxf3 Bf8 27. Qb3
Rb8 28. Rxd8 Rxd8 29. Rxd8 Qxd8 30. Qb7 Qf6 31. Kg2 Kg7 32. Qd5 Qe6 33. Qe4 Be7
34. Bd2 Bf6 35. Bf4 Be7 36. Be5+ Bf6 37. f4 g5 38. Bxf6+ Qxf6 39. fxg5 Qxg5+
40. Kf3 Qf6+ 41. Qf4 Qc3+ 42. Kg2 h6 43. Qg4+ Kf6 44. Qf4+ Kg7 45. Qg4+ Kf6 46.
Qf4+ Kg7 47. Qg4+ 1/2-1/2

[Event "32. Open Villa de Benasque 2012"]
[Site "Benasque ESP"]
[Date "2012.07.09"]
[Round "5.4"]
[White "Nabaty, Tamir"]
[Black "Burg, Twan"]
[Result "1-0"]
[WhiteElo "2582"]
[BlackElo "2470"]
[PlyCount "57"]
[EventDate "2012.07.05"]
[EventType "swiss"]
[EventRounds "10"]
[EventCountry "ESP"]
[Source "lmi"]
[SourceDate "2012.07.05"]

1. e4 c5 2. Nf3 d6 3. d4 cxd4 4. Nxd4 Nf6 5. Nc3 a6 6. Bc4 e6 7. a4 Nc6 8. O-O
Be7 9. Be3 O-O 10. Nxc6 bxc6 11. a5 Nd7 12. Bd3 Bb7 13. Na4 c5 14. c3 Ne5 15.
Nb6 Rb8 16. Bf4 f5 17. Bxe5 dxe5 18. Bc4 Bxe4 19. Bxe6+ Kh8 20. Nd7 Rxb2 21.
Nxf8 Rd2 22. Qh5 Qxf8 23. Qf7 Qa8 24. Rfd1 Bg5 25. Rxd2 Bxd2 26. Rd1 Bg5 27.
Rd7 Bf6 28. Rc7 Qd8 29. Rc8 1-0

[Event "32. Open Villa de Benasque 2012"]
[Site "Benasque ESP"]
[Date "2012.07.09"]
[Round "5.5"]
[White "Arribas Lopez, Angel"]
[Black "Margvelashvili, Giorgi"]
[Result "0-1"]
[WhiteElo "2463"]
[BlackElo "2552"]
[PlyCount "78"]
[EventDate "2012.07.05"]
[EventType "swiss"]
[EventRounds "10"]
[EventCountry "ESP"]
[Source "lmi"]
[SourceDate "2012.07.05"]

1. d4 Nf6 2. Nf3 e6 3. e3 b6 4. Bd3 Bb7 5. O-O Be7 6. c4 O-O 7. Nc3 d5 8. cxd5
exd5 9. Ne5 c5 10. Qf3 Nc6 11. Qh3 g6 12. g4 Nxe5 13. dxe5 Ne4 14. f3 Ng5 15.
Qg3 d4 16. Be4 Bxe4 17. Nxe4 Nxe4 18. fxe4 d3 19. b3 Qd7 20. Bb2 Qe6 21. Rf5
Rad8 22. Raf1 Rd7 23. Qf4 d2 24. Rd1 Rfd8 25. Kf2 a5 26. h4 b5 27. h5 a4 28.
Rf6 Bxf6 29. exf6 Kf8 30. Qh6+ Ke8 31. Qxh7 Rd3 32. hxg6 Kd7 33. Qxf7+ Qxf7 34.
gxf7 Ke6 35. g5 Kxf7 36. Kf3 c4 37. bxc4 bxc4 38. Kf4 c3 39. Ba3 Ke6 0-1

[Event "32. Open Villa de Benasque 2012"]
[Site "Benasque ESP"]
[Date "2012.07.09"]
[Round "5.6"]
[White "Marin, Mihail"]
[Black "Garza Marco, Sergio"]
[Result "1-0"]
[WhiteElo "2548"]
[BlackElo "2410"]
[PlyCount "56"]
[EventDate "2012.07.05"]
[EventType "swiss"]
[EventRounds "10"]
[EventCountry "ESP"]
[Source "lmi"]
[SourceDate "2012.07.05"]

1. d4 d5 2. Nf3 Nf6 3. c4 c6 4. Nc3 dxc4 5. a4 Na6 6. e4 Bg4 7. Bxc4 e6 8. O-O
Bxf3 9. gxf3 Nb4 10. Be3 Be7 11. Kh1 O-O 12. Rg1 Kh8 13. f4 g6 14. Qe2 Qc7 15.
Rad1 a6 16. f5 exf5 17. exf5 b5 18. axb5 cxb5 19. Bb3 Ng8 20. Qf3 Rab8 21. d5
a5 22. Ne4 Bf6 23. Bf4 Qb6 24. Bxb8 Rxb8 25. d6 Kg7 26. d7 a4 27. Rd6 Qd8 28.
fxg6 hxg6 1-0

[Event "32. Open Villa de Benasque 2012"]
[Site "Benasque ESP"]
[Date "2012.07.09"]
[Round "5.7"]
[White "Maenhout, Thibaut"]
[Black "Zoler, Dan"]
[Result "0-1"]
[WhiteElo "2365"]
[BlackElo "2527"]
[PlyCount "76"]
[EventDate "2012.07.05"]
[EventType "swiss"]
[EventRounds "10"]
[EventCountry "ESP"]
[Source "lmi"]
[SourceDate "2012.07.05"]

1. c4 c5 2. g3 Nc6 3. Bg2 g6 4. Nc3 Bg7 5. Nf3 d6 6. O-O e5 7. d3 Nge7 8. Ne1
O-O 9. Nc2 Rb8 10. Ne3 a6 11. a4 Be6 12. Ned5 h6 13. Rb1 Kh7 14. Bd2 a5 15. f4
f5 16. e3 Nb4 17. Qe2 Nexd5 18. cxd5 Bd7 19. b3 Qb6 20. Rfd1 Rbe8 21. Kh1 exf4
22. gxf4 Qa6 23. Nb5 Bxb5 24. axb5 Qxb5 25. Bc1 Re7 26. h4 h5 27. Qf3 Qe8 28.
e4 Nc2 29. Bd2 Nd4 30. Qf2 b5 31. Re1 b4 32. Qg3 Bh6 33. Rb2 fxe4 34. dxe4 Qf7
35. Rf1 Ne2 36. Qd3 Qf6 37. Qxe2 Qxb2 38. e5 Rxf4 0-1

[Event "32. Open Villa de Benasque 2012"]
[Site "Benasque ESP"]
[Date "2012.07.09"]
[Round "5.8"]
[White "Hracek, Zbynek"]
[Black "Rubio Mejia, Luis Ignacio"]
[Result "1-0"]
[WhiteElo "2624"]
[BlackElo "2428"]
[PlyCount "77"]
[EventDate "2012.07.05"]
[EventType "swiss"]
[EventRounds "10"]
[EventCountry "ESP"]
[Source "lmi"]
[SourceDate "2012.07.05"]

1. Nf3 c5 2. c4 Nf6 3. Nc3 Nc6 4. d4 cxd4 5. Nxd4 g6 6. e4 d6 7. Be2 Bg7 8. Be3
O-O 9. O-O Bd7 10. Nc2 a5 11. Na3 a4 12. f3 Nb4 13. Qd2 Be6 14. Bd1 Bd7 15.
Nxa4 Bxa4 16. Qxb4 Bc6 17. Nb5 Nd7 18. Nd4 Nc5 19. Bc2 Qc7 20. a4 e5 21. Nb5
Bxb5 22. cxb5 Ne6 23. Bd3 Nd4 24. a5 b6 25. a6 f5 26. Qc4+ Qxc4 27. Bxc4+ Kh8
28. Bd5 Ra7 29. exf5 gxf5 30. Bxd4 exd4 31. f4 d3 32. Rad1 Bxb2 33. Rxd3 Kg7
34. Re1 Rd8 35. Kf2 Bf6 36. Rc1 Bh4+ 37. g3 Be7 38. Rc6 Rb8 39. Rdc3 1-0

[Event "32. Open Villa de Benasque 2012"]
[Site "Benasque ESP"]
[Date "2012.07.09"]
[Round "5.9"]
[White "Chirila, Ioan-cristian"]
[Black "Sandipan, Chanda"]
[Result "1-0"]
[WhiteElo "2504"]
[BlackElo "2618"]
[PlyCount "85"]
[EventDate "2012.07.05"]
[EventType "swiss"]
[EventRounds "10"]
[EventCountry "ESP"]
[Source "lmi"]
[SourceDate "2012.07.05"]

1. d4 d5 2. c4 c6 3. e3 Nf6 4. Bd3 e5 5. Nc3 exd4 6. exd4 dxc4 7. Bxc4 Be7 8.
Nf3 O-O 9. h3 Nbd7 10. O-O Nb6 11. Bb3 Nbd5 12. Re1 Re8 13. Bg5 Be6 14. Ne5
Nxc3 15. bxc3 Nd5 16. Bd2 Bg5 17. c4 Nf4 18. Qc1 Qxd4 19. Nf3 Qf6 20. Nxg5 Nd3
21. Qc3 Qxf2+ 22. Kh2 Nxe1 23. Rxe1 Rad8 24. Be3 Qh4 25. Nf3 Qh5 26. Bxa7 Bg4
27. Bb6 Ra8 28. Ne5 Be6 29. Qg3 f6 30. Bd1 Qf5 31. Bg4 Qc2 32. Nxc6 Qxc4 33.
Nd8 Raxd8 34. Bxd8 Kf7 35. Bxe6+ Rxe6 36. Rxe6 Qxe6 37. Qb3 h5 38. Kg3 g5 39.
h4 Qxb3+ 40. axb3 Kg6 41. hxg5 fxg5 42. Kf3 Kf5 43. g4+ 1-0

[Event "32. Open Villa de Benasque 2012"]
[Site "Benasque ESP"]
[Date "2012.07.09"]
[Round "5.10"]
[White "Sanikidze, Tornike"]
[Black "Gomez Esteban, Juan Mario"]
[Result "1/2-1/2"]
[WhiteElo "2596"]
[BlackElo "2462"]
[PlyCount "102"]
[EventDate "2012.07.05"]
[EventType "swiss"]
[EventRounds "10"]
[EventCountry "ESP"]
[Source "lmi"]
[SourceDate "2012.07.05"]

1. Nf3 d5 2. d4 Nf6 3. c4 c6 4. Qc2 dxc4 5. Qxc4 Bf5 6. Nc3 e6 7. g3 Nbd7 8.
Bg2 Be7 9. O-O O-O 10. e3 Rc8 11. Nh4 Nb6 12. Qe2 Bg4 13. Nf3 Nfd7 14. h3 Bh5
15. Rd1 c5 16. d5 exd5 17. Nxd5 Nxd5 18. Rxd5 Bxf3 19. Bxf3 Qc7 20. e4 Ne5 21.
Bf4 Nxf3+ 22. Qxf3 Qc6 23. Rad1 Rfd8 24. Be5 Qe6 25. Kg2 Rxd5 26. Rxd5 Rd8 27.
Bc3 Rxd5 28. exd5 Qd7 29. Qe4 Bd6 30. a4 f5 31. Qe2 Kf8 32. Qh5 Be5 33. Qf3
Bxc3 34. bxc3 c4 35. g4 Ke7 36. Qe3+ Kd6 37. Qf4+ Kxd5 38. Qd4+ Kc6 39. Qxc4+
Kb6 40. Qb4+ Ka6 41. Qc4+ Ka5 42. Qc5+ Ka6 43. Qc4+ Ka5 44. Qb4+ Ka6 45. Qc4+
Ka5 46. Qb4+ Ka6 47. Qc4+ Ka5 48. Qb4+ Ka6 49. Qc4+ Ka5 50. Qc5+ Ka6 51. Qc4+
Ka5 1/2-1/2

[Event "32. Open Villa de Benasque 2012"]
[Site "Benasque ESP"]
[Date "2012.07.10"]
[Round "6.1"]
[White "Jones, Gawain C B"]
[Black "Marin, Mihail"]
[Result "1/2-1/2"]
[WhiteElo "2655"]
[BlackElo "2548"]
[PlyCount "59"]
[EventDate "2012.07.05"]
[EventType "swiss"]
[EventRounds "10"]
[EventCountry "ESP"]
[Source "lmi"]
[SourceDate "2012.07.05"]

1. d4 e6 2. c4 Bb4+ 3. Nc3 c5 4. e3 Nc6 5. Nge2 cxd4 6. exd4 d5 7. a3 Bxc3+ 8.
Nxc3 dxc4 9. Bxc4 Nf6 10. Be3 O-O 11. O-O b6 12. Qf3 Bb7 13. Bd3 Qd7 14. Qh3
Ne7 15. Bg5 Ng6 16. Bxf6 gxf6 17. Rad1 Rad8 18. Rfe1 Qc7 19. Bxg6 hxg6 20. Qh6
Qc6 21. d5 exd5 22. Rd4 Rfe8 23. Re3 Rxe3 24. fxe3 f5 25. Qg5 Re8 26. h4 Qe6
27. Kf2 Qe7 28. Qf4 Qe5 29. Qh6 Bc6 30. g3 1/2-1/2

[Event "32. Open Villa de Benasque 2012"]
[Site "Benasque ESP"]
[Date "2012.07.10"]
[Round "6.2"]
[White "Margvelashvili, Giorgi"]
[Black "Nabaty, Tamir"]
[Result "1/2-1/2"]
[WhiteElo "2552"]
[BlackElo "2582"]
[PlyCount "136"]
[EventDate "2012.07.05"]
[EventType "swiss"]
[EventRounds "10"]
[EventCountry "ESP"]
[Source "lmi"]
[SourceDate "2012.07.05"]

1. Nf3 b6 2. g3 Bb7 3. Bg2 Nf6 4. O-O g6 5. b3 Bg7 6. Bb2 O-O 7. c4 e6 8. Nc3
d5 9. cxd5 Nxd5 10. Rc1 c5 11. d4 Na6 12. e3 Nab4 13. Nxd5 Bxd5 14. a3 Nc6 15.
Bc3 cxd4 16. Nxd4 Nxd4 17. Bxd4 Bxg2 18. Kxg2 Qd5+ 19. Kg1 Bxd4 20. exd4 Rfd8
21. Re1 Qxd4 22. Qxd4 Rxd4 23. Rc7 Rd3 24. Re4 a5 25. Rf4 Rf8 26. b4 Rxa3 27.
Rb7 axb4 28. Rxb4 Kg7 29. h4 h6 30. R4xb6 Kf6 31. Kg2 Rfa8 32. Rb4 R8a4 33.
Rxa4 Rxa4 34. Kf3 Ra3+ 35. Ke2 e5 36. Rc7 Ke6 37. h5 Kf6 38. hxg6 fxg6 39. Rc4
h5 40. Kf1 Kf5 41. Kg2 Ra2 42. Rb4 g5 43. Rc4 Ra8 44. Rb4 Rh8 45. Ra4 Rd8 46.
Rb4 Re8 47. Ra4 e4 48. Ra5+ Re5 49. Ra3 Rd5 50. Ra8 Re5 51. Ra3 h4 52. Kh3 Rd5
53. Ra8 Rd3 54. Ra5+ Kf6 55. Ra6+ Kf5 56. Ra5+ Kf6 57. Ra6+ Kf7 58. Ra7+ Ke6
59. Ra6+ Kd7 60. Ra4 hxg3 61. fxg3 Re3 62. Kg4 Ke6 63. Kxg5 Ke5 64. g4 Rd3 65.
Ra8 Rd7 66. Re8+ Kd4 67. Kf6 Rd6+ 68. Kf5 e3 1/2-1/2

[Event "32. Open Villa de Benasque 2012"]
[Site "Benasque ESP"]
[Date "2012.07.10"]
[Round "6.3"]
[White "Zoler, Dan"]
[Black "Hracek, Zbynek"]
[Result "1/2-1/2"]
[WhiteElo "2527"]
[BlackElo "2624"]
[PlyCount "97"]
[EventDate "2012.07.05"]
[EventType "swiss"]
[EventRounds "10"]
[EventCountry "ESP"]
[Source "lmi"]
[SourceDate "2012.07.05"]

1. d4 e6 2. c4 Bb4+ 3. Bd2 Qe7 4. Nf3 Nf6 5. g3 Nc6 6. Bg2 Bxd2+ 7. Nbxd2 a5 8.
O-O d6 9. e4 e5 10. d5 Nb8 11. Ne1 O-O 12. Nd3 c6 13. f4 Na6 14. Qb3 Nd7 15.
Qa3 Nc7 16. fxe5 Nxe5 17. Nxe5 Qxe5 18. Nf3 Qxe4 19. Qxd6 Ne8 20. Qc5 cxd5 21.
cxd5 Nf6 22. Rad1 Qb4 23. Qd4 Bg4 24. d6 Rfd8 25. h3 Qxd4+ 26. Rxd4 Be6 27. Ne5
Ra6 28. Rfd1 Rb6 29. b3 Kf8 30. Nc4 Bxc4 31. bxc4 Rb2 32. a4 Nd7 33. Rd5 b6 34.
Rh5 h6 35. Bc6 f6 36. Bb5 Kf7 37. Rhd5 Ne5 38. Kf1 Rh2 39. R1d4 Rxh3 40. Kg2
Rh5 41. c5 bxc5 42. Rxc5 Rg5 43. Rc7+ Kf8 44. Ra7 h5 45. Kf2 Ng4+ 46. Ke2 Ne5
47. Kf2 Ng4+ 48. Ke2 Ne5 49. Kf2 1/2-1/2

[Event "32. Open Villa de Benasque 2012"]
[Site "Benasque ESP"]
[Date "2012.07.10"]
[Round "6.4"]
[White "Harikrishna, P."]
[Black "Cori, Jorge"]
[Result "1/2-1/2"]
[WhiteElo "2684"]
[BlackElo "2479"]
[PlyCount "138"]
[EventDate "2012.07.05"]
[EventType "swiss"]
[EventRounds "10"]
[EventCountry "ESP"]
[Source "lmi"]
[SourceDate "2012.07.05"]

1. e4 e6 2. d4 d5 3. e5 c5 4. c3 Nc6 5. Nf3 Bd7 6. Be2 Nge7 7. O-O Nf5 8. Bd3
cxd4 9. Bxf5 exf5 10. cxd4 Be6 11. Nc3 Be7 12. Qb3 Rb8 13. Ne2 g5 14. Bd2 f4
15. Rfc1 Kf8 16. Ne1 Qb6 17. Nd3 Kg7 18. Qxb6 axb6 19. a3 Rhc8 20. Bb4 Bf5 21.
Rc3 Bxd3 22. Rxd3 Nxb4 23. axb4 Rc2 24. Nc3 Rd8 25. Rb1 Bxb4 26. g3 Kg6 27.
gxf4 gxf4 28. Kg2 f6 29. exf6 Kxf6 30. Kf3 Kf5 31. Re1 Bd6 32. Re2 Rxe2 33.
Nxe2 b5 34. Nc3 b4 35. Nxd5 Rc8 36. Rd2 Rc1 37. Nb6 h5 38. Nd7 Rh1 39. Kg2 Rc1
40. Kf3 Rh1 41. Nc5 Bxc5 42. dxc5 Rxh2 43. Rd5+ Ke6 44. Rd4 Rh3+ 45. Ke4 Rb3
46. Rd2 h4 47. f3 h3 48. Kxf4 Ke7 49. Kg4 Ke6 50. Rf2 Ke5 51. Kxh3 Kf4 52. Kg2
Rd3 53. Rc2 Rxf3 54. Rc4+ Ke3 55. Rxb4 Rf7 56. Kg3 Rc7 57. Rb5 Rg7+ 58. Kh4 Kd4
59. b4 Kd5 60. Rb6 Rc7 61. Kg4 Rd7 62. Kf4 Re7 63. Kf3 Kc4 64. Kg4 Kd5 65. Kf4
Kc4 66. Kf5 Kd5 67. Kf6 Rc7 68. Kf5 Rf7+ 69. Kg4 Kd4 1/2-1/2

[Event "32. Open Villa de Benasque 2012"]
[Site "Benasque ESP"]
[Date "2012.07.10"]
[Round "6.6"]
[White "Forcen Esteban, Daniel"]
[Black "Chirila, Ioan-cristian"]
[Result "0-1"]
[WhiteElo "2457"]
[BlackElo "2504"]
[PlyCount "78"]
[EventDate "2012.07.05"]
[EventType "swiss"]
[EventRounds "10"]
[EventCountry "ESP"]
[Source "lmi"]
[SourceDate "2012.07.05"]

1. e4 e5 2. Bc4 Nf6 3. Nc3 Nc6 4. d3 Bc5 5. f4 d6 6. Nf3 a6 7. f5 b5 8. Bb3 Na5
9. Bg5 Bb7 10. Qd2 c6 11. O-O-O Nxb3+ 12. cxb3 Qb6 13. d4 exd4 14. Nxd4 Ng4 15.
Nc2 a5 16. a3 Qc7 17. b4 axb4 18. axb4 Bb6 19. Bf4 Nf2 20. Bxd6 Qd7 21. Qf4
O-O-O 22. e5 Nxh1 23. Ne4 g5 24. Qf3 c5 25. Rxh1 c4 26. Rd1 Bc6 27. Nd4 Bd5 28.
Ne2 Bc6 29. N2c3 Qb7 30. Qg4 h5 31. Qe2 g4 32. h3 Rhg8 33. h4 g3 34. Nf6 Bxg2
35. Nxg8 Rxg8 36. e6 Bc6 37. Qxh5 fxe6 38. Bxg3 Be3+ 39. Kb1 Bf3 0-1